Word Ladder: The Force Awakens Quiz Stats

Quiz Updated Jan 18, 2016

Challenge
Share
Tweet
Embed
Score 0/34 Timer 04:00
1 Play Today
Clue 4-Letter Word % Correct
⭑ Skywalker, the missing Jedi ⭑⭑LUKE⭑
96.1%
A 4-leaf clover can bring itLUCK
93.6%
⭑ Han, who has returned to smuggling ⭑⭑SOLO⭑
93%
A key can open itLOCK
93%
A male chickenCOCK
90.8%
Disney, the animatorWALT
88.8%
Scottish skirtKILT
88.6%
Seek and ye shall ___FIND
88.3%
1000 gramsKILO
88%
Moving airWIND
87.6%
Magician's propWAND
87.4%
DesireWANT
86.9%
Its capital is LimaPERU
85.6%
Chamberlain, the NBAerWILT
85.4%
Henry who founded TimeLUCE
84.3%
Chanel, the designerCOCO
82.9%
A benefit of a jobPERK
81.2%
Clue 4-Letter Word % Correct
An urban green spacePARK
80.7%
Lovegood of RavenclawLUNA
80.4%
Singer Horne or actress OlinLENA
79.2%
Aunt who raised [Rung 5]BERU
78.2%
LoneSOLE
77.5%
The capital of SwitzerlandBERN
77.3%
⭑ General Organa who leads the Rebellion ⭑⭑LEIA⭑
76.5%
1987 Suzanne Vega hitLUKA
76.1%
⭑ The First Order storm trooper named by Poe ⭑⭑FINN⭑
76%
Angry or achySORE
75.7%
A neighborhood of NYC or LondonSOHO
74.7%
Opening in the skinPORE
74.2%
A plant with leaf-like frondsFERN
74.2%
Cut off the skin of a fruitPARE
72.5%
A type of salmonCOHO
70.6%
⭑ ___ Ren, Son of [Rung 1] and [Rung 13] ⭑⭑KYLO⭑
65.3%
Sherilyn of 'Twin Peaks'FENN
62%

Today's Daily Dose

Word Ladder
KISS Hit

On This Day
January 22nd

You're not logged in!

Compare scores with friends on all Sporcle quizzes.
Sign Up with Email
OR
Log In

You Might Also Like...

Show Comments

Extras

Top Quizzes Today


Score Distribution

Your Account Isn't Verified!

In order to create a playlist on Sporcle, you need to verify the email address you used during registration. Go to your Sporcle Settings to finish the process.